Least Populous US State per Letter Minefield Quiz Stats

 Plays Quiz Updated May 2, 2016

Score 0/20 Timer 07:00
18 Plays Today
Letter State % Correct
A???
79.2%
D???
64.5%
H???
64.2%
F???
58.7%
G???
57.4%
C???
51.4%
I???
48.7%
W???
45.1%
L???
43.9%
K???
42.3%
Letter State % Correct
V???
41.9%
U???
40.9%
R???
40.8%
M???
39.6%
N???
33.7%
S???
32.5%
T???
27.5%
P???
26.9%
O???
23.2%
Mines???
12.2%

You're not logged in!

Compare scores with friends on all Sporcle quizzes.
Join for Free
OR
Log In

You Might Also Like...

Show Comments

Extras

Top Quizzes Today


Score Distribution

Your Account Isn't Verified!

In order to create a playlist on Sporcle, you need to verify the email address you used during registration. Go to your Sporcle Settings to finish the process.

Report this User

Report this user for behavior that violates our Community Guidelines.

Details: